[Event "Kostroma Volga Cup op"]
[Site "Kostroma"]
[Date "2010.07.??"]
[Round "4"]
[White "Kuprijanov, Anatoly"]
[Black "Prosvirnin, Lev"]
[Result "0-1"]
[WhiteElo "2027"]
[BlackElo "2206"]
[PlyCount "36"]
[EventDate "2010.07.??"]
[EventType "swiss"]
[EventRounds "9"]
[EventCountry "RUS"]
[SourceTitle "EXT 2011"]
[Source "ChessBase"]
[SourceDate "2010.11.26"]
[SourceVersion "1"]
[SourceVersionDate "2010.11.26"]
[SourceQuality "1"]

1. d4 Nf6 2. c4 e6 3. Nc3 Bb4 4. Qc2 0-0 5. a3 Bxc3+ 6. Qxc3 d5 7. Bg5 c5 8. cxd5 cxd4 9. Qxd4 Nc6 10. Qd1 exd5 11. Nf3 h6 12. Bh4 d4 13. Bxf6 Qxf6 14. Qd2 Bg4 15. h3 Bxf3 16. gxf3 Rac8 17. Rd1 d3 18. exd3 Rfe8+ 0-1

[Event "Kostroma Volga Cup op"]
[Site "Kostroma"]
[Date "2008.07.??"]
[Round "5"]
[White "Prosvirnin, Lev"]
[Black "Dobrov, Vladimir"]
[Result "0-1"]
[WhiteElo "2241"]
[BlackElo "2519"]
[PlyCount "104"]
[EventDate "2008.07.??"]
[EventType "swiss"]
[EventRounds "9"]
[EventCountry "RUS"]
[SourceTitle "EXT 2009"]
[Source "ChessBase"]
[SourceDate "2008.11.26"]
[SourceVersion "1"]
[SourceVersionDate "2008.11.26"]
[SourceQuality "1"]

1. d4 Nf6 2. Nf3 d5 3. c4 e6 4. e3 dxc4 5. Bxc4 a6 6. 0-0 b5 7. Bd3 Bb7 8. a4 b4 9. Nbd2 c5 10. Qe2 Nbd7 11. Nb3 cxd4 12. exd4 Bd6 13. Ne5 Bxe5 14. dxe5 Nxe5 15. Bb5+ Ned7 16. Bd3 Bd5 17. Nd2 Nc5 18. Bc2 b3 19. Bb1 Qd7 20. Nc4 Qc6 21. Ne5 Qb7 22. f3 0-0 23. Be3 Rfc8 24. Rd1 Ncd7 25. Bd4 Qb4 26. Qe3 Nxe5 27. Qxe5 Rc4 28. Qe3 Nd7 29. Qd3 f5 30. Qe3 Rac8 31. Ba7 Qd6 32. Bd3 Rh4 33. h3 Ne5 34. Bf1 Rc2 35. Qxb3 Qc7 36. Qb8+ Qxb8 37. Bxb8 Nc6 38. Bd6 a5 39. Bd3 Rxb2 40. Bxf5 Bb3 41. Rdb1 Rxb1+ 42. Rxb1 exf5 43. Rxb3 Rxa4 44. Rc3 Nd4 45. Rc7 Nb5 46. Rc8+ Kf7 47. Be5 Rb4 48. Ra8 a4 49. Kf2 a3 50. f4 g6 51. Ra6 Rb2+ 52. Kf3 Rb3+ 0-1